Жениться и обезвредить: фантастический роман

Bibliographic Details
Main Author: Белянин А. О. Андрей Олегович
Summary:А ведь как хорошо всё начиналось... Золотая осень, теплынь, пора свадеб, моя невеста Олёнушка спешит в Лукошкино, я её честно жду, отец Кондрат уже назначает день нашего венчания и... Абзац! Всему! Горох рехнулся (по полной программе!), царица от него уходит, меня (участкового!) сажают в тюрьму, Яга устраивает скандал за скандалом, Митьку бьют (ну это не ново), на город движется орда шамаханов... и самое неприятное, что всему этому нет никакого логического объяснения. Просто не повезло, и всё тут! Милицейская интуиция в голос вопит, что не так просто. А как? Пока не знаю, разберёмся. Главное — успеть жениться... и обезвредить. Опергруппа, на выезд!
Language:Russian
Published: Москва, Альфа-книга, 2010
Subjects:
Format: MixedMaterials Book
KOHA link:https://koha.lib.tpu.ru/cgi-bin/koha/opac-detail.pl?biblionumber=184221

MARC

LEADER 00000nam0a2200000 4500
001 184221
005 20231031172122.0
010 |a 9785992204209 
035 |a (RuTPU)RU\TPU\book\199710 
090 |a 184221 
100 |a 20100831d2010 m y0rusy50 ca 
101 0 |a rus 
102 |a RU 
105 |a y z 000ay 
200 1 |a Жениться и обезвредить  |e фантастический роман  |f А. О. Белянин 
210 |a Москва  |c Альфа-книга  |d 2010 
215 |a 346 с. 
330 |a А ведь как хорошо всё начиналось... Золотая осень, теплынь, пора свадеб, моя невеста Олёнушка спешит в Лукошкино, я её честно жду, отец Кондрат уже назначает день нашего венчания и... Абзац! Всему! Горох рехнулся (по полной программе!), царица от него уходит, меня (участкового!) сажают в тюрьму, Яга устраивает скандал за скандалом, Митьку бьют (ну это не ново), на город движется орда шамаханов... и самое неприятное, что всему этому нет никакого логического объяснения. Просто не повезло, и всё тут! Милицейская интуиция в голос вопит, что не так просто. А как? Пока не знаю, разберёмся. Главное — успеть жениться... и обезвредить. Опергруппа, на выезд! 
610 1 |a русская литература 
610 1 |a романы 
610 1 |a фантастика 
610 1 |a боевики 
675 |a Р2  |v 3 
700 1 |a Белянин  |b А. О.  |g Андрей Олегович 
801 1 |a RU  |b 63413507  |c 20100831 
801 2 |a RU  |b 63413507  |c 20100921  |g RCR 
942 |c BK